000 00633nmc a2200253 a 4500
003 AR-BaBNM
005 20251128204048.0
008 016119s1967 ||||||||||||||000 | spa||
040 _cAR-BaBNM
100 1 _aWilliams, Tennessee
245 1 0 _aLa noche de la iguana
250 _a2ª ed.
260 _aBuenos Aires
_bLosada
_c1967
300 0 _a115 p.
490 0 _aTeatro en el teatro
650 4 _aLITERATURA ESTADOUNIDENSE
650 4 _aTEATRO NORTEAMERICANO
650 4 _aDRAMA
653 0 _aTEATRO CONTEMPORANEO
655 _aLITERATURA
700 1 _aBarberá, Manuel
_etraductor
942 _cBK
998 _cMARTIN
999 _c6011
_d6011